| 000 | 01879nam a2200493 i 4500 | ||
|---|---|---|---|
| 001 | 44573 | ||
| 003 | KOSZ 005 | ||
| 005 | 20220421122923.0 | ||
| 008 | 040318s2003 pl a |000 0 pol | ||
| 015 | _aUWD 2004/5697 | ||
| 020 | _a8371932243 | ||
| 035 | _a991022771379705066 | ||
| 035 | _a(PL-WaBN)b16145483-48omnis_nlop | ||
| 035 | _ab16145483 | ||
| 035 | _a(OCoLC)749392708 | ||
| 035 | _azz2004823381 | ||
| 035 | _a(PL)b0000001614548 | ||
| 035 | _a(EXLNZ-48OMNIS_NETWORK)9910240776205606 | ||
| 040 |
_aWA N _cWA N _dKOSZ 005/HR |
||
| 041 | 0 | _apol | |
| 046 | _k2003 | ||
| 080 | _a628.1 | ||
| 080 | _a(075.8) | ||
| 245 | 0 | 0 |
_aĆwiczenia laboratoryjne z technologii wody : _bpraca zbiorowa / _cpod red. Marty Janosz-Rajczyk ; [aut. Lidia Dąbrowska et al.] ; Politechnika Częstochowska. Wydział Inżynierii i Ochrony Środowiska. Katedra Technologii Wody, Ścieków i Chemii Środowiska. |
| 260 |
_aCzestochowa : _bWydaw. PC, _c2003. |
||
| 300 |
_a237 s. : _bil., tab. ; _c24 cm. |
||
| 336 |
_aTekst _btxt _2rdacontent |
||
| 337 |
_aBez urządzenia pośredniczącego _bn _2rdamedia |
||
| 338 |
_aWolumin _bnc _2rdacarrier |
||
| 380 | _aKsiążki | ||
| 388 | _a2001- | ||
| 490 | 1 |
_aSkrypty Politechniki Częstochowskiej _x1234-9909 _v45 |
|
| 504 | _aBibliogr. przy rozdz. | ||
| 650 | 7 |
_aUzdatnianie wody _2DBN |
|
| 655 | 7 |
_aPodręczniki akademickie _2DBN |
|
| 658 | _aInżynieria i technika | ||
| 700 | 1 |
_aDąbrowska, Lidia _c(inżynieria i ochrona środowiska) _eAutor |
|
| 700 | 1 |
_aJanosz-Rajczyk, Marta _d(1944- ) _eRedakcja |
|
| 710 | 2 |
_aWydawnictwo Politechniki Częstochowskiej _4pbl |
|
| 830 | 0 |
_aSkrypty Politechniki Częstochowskiej _v45 |
|
| 856 |
_uhttp://koha.tu.koszalin.pl/cgi-bin/koha/opac-detail.pl?biblionumber=44573 _yKatalog online BPK |
||
| 942 |
_2UKD _cKS |
||
| 999 |
_c44573 _d44573 |
||